Loading...
| History - European | 0 | 4 | 1 | 0 | 35 | 19 | 26.00 | 0 | 3 | 21.65 | 20.24 |
| History - Other | 0 | 2 | 0 | 0 | 20 | 27 | 43.50 | 0 | 1 | 8.45 | 6.73 |
| History - American | 0 | 2 | 0 | 1 | 20 | 54 | 82.00 | 0 | 1 | 3.43 | 7.74 |
| Literature - American | 0 | 1 | 0 | 0 | 10 | 68 | 68.00 | 0 | 1 | 2.84 | 5.95 |
| Science - Biology | 0 | 1 | 0 | 0 | 10 | 40 | 40.00 | 0 | 1 | 4.07 | 6.55 |
| Geography | 0 | 1 | 0 | 0 | 10 | 105 | 105.00 | 0 | 0 | 0.13 | 8.33 |
| History - World | 0 | 1 | 0 | 0 | 10 | 20 | 20.00 | 0 | 1 | 5.74 | 4.17 |
| Popular Culture | 0 | 1 | 0 | 0 | 10 | 52 | 52.00 | 0 | 0 | 7.53 | 9.89 |
| Religion | 0 | 1 | 0 | 0 | 10 | 74 | 74.00 | 0 | 0 | 2.51 | 4.95 |
| Mythology | 0 | 1 | 0 | 0 | 10 | 61 | 61.00 | 0 | 1 | 3.32 | 4.95 |
| Literature - European | 0 | 0 | 1 | 0 | -5 | 0.00 | 0 | 0 | 0.00 | 0.00 | |
| Fine Arts - Painting and Sculpture | 0 | 0 | 2 | 0 | -10 | 0.00 | 0 | 0 | 0.00 | 0.00 |